00494nam a22001697a 450000500170000001000150001702000260003203500140005803700130007208200110008510000190009624500570011526000430017227000490021530000200026450000400028420171031112835.0 aENG-121109 c995.00a9789383514021 aEN-104641 bDBAD/PUB a363.34 aDhingra, S. K. aBorder management and security /cby S. K. Dhingra  aNew Delhi bLucky International c2015 aH-16/1922, Sangam Vihar bNew Delhi e110019 a236p.c23cm(Hb) aIncludes bibliographical references